[Event "FWCT 2019"]
[Site "Kazan"]
[Date "2019.06.02"]
[Round "3.1"]
[White "Gunina, Valentina"]
[Black "Kosteniuk, Alexandra"]
[Result "1-0"]
[WhiteElo "2506"]
[BlackElo "2546"]
[Annotator "ChessBase"]
[PlyCount "115"]
[EventDate "2019.05.11"]
[EventType "tourn"]
[EventCountry "RUS"]
[SourceTitle "playchess.com"]
[Source "ChessBase"]
[SourceQuality "1"]
[TimeControl "40/5400+30:1800+30"]

1. e4 {[%emt 0:00:00]} e5 {[%emt 0:00:00]} 2. Nf3 {[%emt 0:00:00]} Nc6 {[%emt 0:00:00]} 3. d4 {[%emt 0:00:13]} exd4 {[%emt 0:00:00]} 4. Nxd4 {[%emt 0:00:08]} Nf6 {[%emt 0:00:00]} 5. Nxc6 {[%emt 0:00:16]} bxc6 {[%emt 0:00:00]} 6. e5 {[%emt 0:00:23]} Qe7 {[%emt 0:00:06]} 7. Qe2 {[%emt 0:00:14]} Nd5 {[%emt 0:00:11]} 8. c4 {[%emt 0:00:08]} Nb6 {[%emt 0:00:13]} 9. Nc3 {[%emt 0:00:27]} Qe6 {[%emt 0:00:17]} 10. Qe4 {[%emt 0:01:36]} g6 {[%emt 0:00:10]} 11. Bd2 {[%emt 0:23:25]} Ba6 {[%emt 0:16:15]} 12. b3 {[%emt 0:08:15]} Bg7 {[%emt 0:00:17]} 13. f4 {[%emt 0:22:51]} O-O {[%emt 0:00:37]} 14. Be2 {[%emt 0:02:00]} d5 {[%emt 0:14:31]} 15. Qf3 {[%emt 0:04:09]} Bb7 {[%emt 0:02:14]} 16. cxd5 {[%emt 0:08:12]} cxd5 {[%emt 0:00:49]} 17. Nb5 {[%emt 0:00:04]} Qe7 {[%emt 0:17:14]} 18. Rc1 {[%emt 0:04:04]} Rfc8 {[%emt 0:02:57]} 19. Qf2 {[%emt 0:00:07]} f6 {[%emt 0:18:52]} 20. O-O {[%emt 0:01:12]} fxe5 {[%emt 0:01:39]} 21. Bg4 {[%emt 0:02:47]} Ba6 {[%emt 0:01:59]} 22. a4 {[%emt 0:05:02]} Bxb5 {[%emt 0:03:25]} 23. axb5 {[%emt 0:00:01]} Rf8 {[%emt 0:00:46]} 24. Qe1 {[%emt 0:00:23]} Rf7 {[%emt 0:07:35]} 25. Rc6 {[%emt 0:00:05]} Rf6 {[%emt 0:00:55]} 26. Bb4 {[%emt 0:02:59]} Qf7 {[%emt 0:00:32]} 27. Qc1 {[%emt 0:04:26]} Rxc6 {[%emt 0:00:04]} 28. Qxc6 {[%emt 0:00:03]} Qe8 {[%emt 0:00:45]} 29. Qxc7 {[%emt 0:05:11]} exf4 {[%emt 0:04:18]} 30. Re1 {[%emt 0:03:15]} Qd8 {[%emt 0:00:02]} 31. Qc6 {[%emt 0:00:22]} Qf6 {[%emt 0:01:59]} 32. Bc5 {[%emt 0:00:01]} Rd8 {[%emt 0:04:04]} 33. Be7 {[%emt 0:01:34]} Qd4+ {[%emt 0:01:15]} 34. Kh1 {[%emt 0:00:01]} Rb8 {[%emt 0:00:58]} 35. Bd6 {[%emt 0:00:44]} Rf8 {[%emt 0:00:34]} 36. Bxf8 {[%emt 0:01:52]} Bxf8 {[%emt 0:00:04]} 37. h3 {[%emt 0:00:10]} Bb4 {[%emt 0:02:16]} 38. Rf1 {[%emt 0:01:36]} Qe5 {[%emt 0:00:26]} 39. Qe6+ {[%emt 0:00:22]} Qxe6 {[%emt 0:00:06]} 40. Bxe6+ {[%emt 0:00:00]} Kf8 {[%emt 0:00:00]} 41. Rxf4+ {[%emt 0:00:38]} Ke7 {[%emt 0:00:06]} 42. Bg8 {[%emt 0:00:38]} Bd2 {[%emt 0:03:13]} 43. Rf7+ {[%emt 0:00:22]} Kd6 {[%emt 0:00:02]} 44. Bxh7 {[%emt 0:00:43]} g5 {[%emt 0:00:04]} 45. Rxa7 {[%emt 0:00:23]} Kc5 {[%emt 0:00:04]} 46. Bd3 {[%emt 0:01:14]} Kd4 {[%emt 0:00:10]} 47. Be2 {[%emt 0:01:50]} Kc3 {[%emt 0:01:04]} 48. g3 {[%emt 0:00:12]} Be3 {[%emt 0:00:55]} 49. Kg2 {[%emt 0:01:41]} Kd2 {[%emt 0:00:23]} 50. Bf3 {[%emt 0:00:38]} d4 {[%emt 0:00:14]} 51. h4 {[%emt 0:00:44]} gxh4 {[%emt 0:00:09]} 52. gxh4 {[%emt 0:00:01]} d3 {[%emt 0:00:12]} 53. h5 {[%emt 0:01:04]} Kc2 {[%emt 0:01:58]} 54. Re7 {[%emt 0:00:09]} Bd4 {[%emt 0:00:31]} 55. Rc7+ {[%emt 0:01:04]} Kxb3 {[%emt 0:00:12]} 56. h6 {[%emt 0:00:08]} d2 {[%emt 0:00:50]} 57. h7 {[%emt 0:00:42]} Kb4 {[%emt 0:00:05]} 58. Rc2 {[%emt 0:01:22]} 1-0

[Event "FWCT 2019"]
[Site "Kazan"]
[Date "2019.06.02"]
[Round "3.2"]
[White "Goryachkina, Aleksandra"]
[Black "Lagno, Kateryna"]
[Result "1-0"]
[WhiteElo "2522"]
[BlackElo "2554"]
[Annotator "ChessBase"]
[PlyCount "159"]
[EventDate "2019.05.11"]
[EventType "tourn"]
[EventCountry "RUS"]
[SourceTitle "playchess.com"]
[Source "ChessBase"]
[SourceQuality "1"]
[TimeControl "40/5400+30:1800+30"]

1. d4 {[%emt 0:00:00]} Nf6 {[%emt 0:00:00]} 2. c4 {[%emt 0:00:00]} g6 {[%emt 0:00:00]} 3. Nc3 {[%emt 0:00:01]} d5 {[%emt 0:00:12]} 4. cxd5 {[%emt 0:00:13]} Nxd5 {[%emt 0:00:06]} 5. e4 {[%emt 0:00:07]} Nxc3 {[%emt 0:00:11]} 6. bxc3 {[%emt 0:00:06]} Bg7 {[%emt 0:00:06]} 7. Nf3 {[%emt 0:00:29]} c5 {[%emt 0:00:26]} 8. Bb5+ {[%emt 0:00:25]} Nc6 {[%emt 0:01:07]} 9. O-O {[%emt 0:01:28]} O-O {[%emt 0:00:32]} 10. Ba3 {[%emt 0:01:42]} cxd4 {[%emt 0:06:05]} 11. Bxc6 {[%emt 0:00:49]} bxc6 {[%emt 0:00:06]} 12. cxd4 {[%emt 0:00:11]} Bg4 {[%emt 0:00:33]} 13. Bc5 {[%emt 0:00:39]} Re8 {[%emt 0:03:00]} 14. Rb1 {[%emt 0:00:20]} Qd7 {[%emt 0:05:15]} 15. Rb4 {[%emt 0:00:49]} e5 {[%emt 0:28:29]} 16. dxe5 {[%emt 0:14:55]} Qe6 {[%emt 0:00:46]} 17. Qb3 {[%emt 0:10:27]} Bxf3 {[%emt 0:07:13]} 18. Qxe6 {[%emt 0:02:16]} Rxe6 {[%emt 0:00:05]} 19. gxf3 {[%emt 0:00:05]} Rxe5 {[%emt 0:01:06]} 20. Rc4 {[%emt 0:03:53]} Rg5+ {[%emt 0:05:37]} 21. Kh1 {[%emt 0:00:08]} Bf8 {[%emt 0:00:34]} 22. Rfc1 {[%emt 0:25:08]} Rxc5 {[%emt 0:01:08]} 23. Rxc5 {[%emt 0:00:06]} Bxc5 {[%emt 0:00:03]} 24. Rxc5 {[%emt 0:00:05]} Rc8 {[%emt 0:13:55]} 25. Kg2 {[%emt 0:01:18]} Kf8 {[%emt 0:00:03]} 26. f4 {[%emt 0:05:37]} Ke7 {[%emt 0:00:21]} 27. Kf3 {[%emt 0:00:42]} Kd6 {[%emt 0:02:55]} 28. Ra5 {[%emt 0:00:08]} Rc7 {[%emt 0:06:32]} 29. Ke3 {[%emt 0:00:10]} Rb7 {[%emt 0:00:41]} 30. h4 {[%emt 0:03:11]} Kc7 {[%emt 0:04:17]} 31. Ra6 {[%emt 0:05:42]} Kd6 {[%emt 0:00:18]} 32. Kd4 {[%emt 0:01:28]} Rb4+ {[%emt 0:00:31]} 33. Kd3 {[%emt 0:00:29]} Rb7 {[%emt 0:07:12]} 34. Kc4 {[%emt 0:03:25]} Rb2 {[%emt 0:02:19]} 35. f3 {[%emt 0:00:59]} Rf2 {[%emt 0:00:47]} 36. Rxa7 {[%emt 0:08:53]} Rxf3 {[%emt 0:00:04]} 37. Rxf7 {[%emt 0:00:06]} Ke6 {[%emt 0:00:11]} 38. Rxh7 {[%emt 0:02:30]} Rxf4 {[%emt 0:00:04]} 39. Kd4 {[%emt 0:00:48]} c5+ {[%emt 0:00:51]} 40. Ke3 {[%emt 0:00:00]} Rg4 {[%emt 0:00:00]} 41. a4 {[%emt 0:13:03]} Ke5 {[%emt 0:01:58]} 42. Kd3 {[%emt 0:03:10]} Rg1 {[%emt 0:14:45]} 43. a5 {[%emt 0:10:05]} Ra1 {[%emt 0:02:16]} 44. Ra7 {[%emt 0:01:13]} Ra4 {[%emt 0:00:59]} 45. a6 {[%emt 0:01:32]} c4+ {[%emt 0:00:14]} 46. Kc3 {[%emt 0:00:46]} Kxe4 {[%emt 0:00:15]} 47. Ra8 {[%emt 0:00:21]} Kf5 {[%emt 0:02:52]} 48. a7 {[%emt 0:00:28]} Kg4 {[%emt 0:00:07]} 49. h5 {[%emt 0:04:54]} gxh5 {[%emt 0:00:36]} 50. Rg8+ {[%emt 0:00:04]} Kf3 {[%emt 0:07:19]} 51. a8=Q+ {[%emt 0:01:03]} Rxa8 {[%emt 0:00:03]} 52. Rxa8 {[%emt 0:00:06]} h4 {[%emt 0:00:01]} 53. Rh8 {[%emt 0:01:35]} Kg3 {[%emt 0:00:12]} 54. Kd2 {[%emt 0:04:11]} h3 {[%emt 0:04:10]} 55. Ke3 {[%emt 0:01:45]} h2 {[%emt 0:05:13]} 56. Rg8+ {[%emt 0:00:10]} Kh3 {[%emt 0:00:18]} 57. Kf2 {[%emt 0:00:11]} h1=N+ {[%emt 0:00:07]} 58. Kf3 {[%emt 0:00:05]} Kh2 {[%emt 0:00:06]} 59. Rh8+ {[%emt 0:02:33]} Kg1 {[%emt 0:00:04]} 60. Rc8 {[%emt 0:00:14]} Nf2 {[%emt 0:00:36]} 61. Rxc4 {[%emt 0:00:22]} Nd3 {[%emt 0:00:14]} 62. Ke3 {[%emt 0:00:47]} Ne5 {[%emt 0:01:18]} 63. Re4 {[%emt 0:00:08]} Nc6 {[%emt 0:01:17]} 64. Re6 {[%emt 0:00:29]} Nb4 {[%emt 0:00:11]} 65. Ke2 {[%emt 0:01:24]} Nd5 {[%emt 0:01:55]} 66. Rg6+ {[%emt 0:00:37]} Kh2 {[%emt 0:00:11]} 67. Kf3 {[%emt 0:00:28]} Nc3 {[%emt 0:00:26]} 68. Rh6+ {[%emt 0:00:49]} Kg1 {[%emt 0:00:02]} 69. Rc6 {[%emt 0:00:13]} Nb5 {[%emt 0:00:47]} 70. Rc4 {[%emt 0:00:34]} Nd6 {[%emt 0:01:18]} 71. Rc5 {[%emt 0:00:43]} Kh2 {[%emt 0:00:22]} 72. Kf4 {[%emt 0:00:55]} Kg2 {[%emt 0:00:44]} 73. Rc2+ {[%emt 0:00:20]} Kh3 {[%emt 0:01:18]} 74. Rc6 {[%emt 0:00:10]} Nb5 {[%emt 0:00:14]} 75. Ke5 {[%emt 0:00:33]} Kg2 {[%emt 0:00:36]} 76. Rc2+ {[%emt 0:00:46]} Kf1 {[%emt 0:00:07]} 77. Rc5 {[%emt 0:00:20]} Na3 {[%emt 0:00:15]} 78. Rc3 {[%emt 0:00:12]} Nb5 {[%emt 0:00:06]} 79. Rb3 {[%emt 0:00:07]} Nc7 {[%emt 0:00:07]} 80. Rb7 {[%emt 0:00:25]} 1-0

[Event "FWCT 2019"]
[Site "Kazan"]
[Date "2019.06.02"]
[Round "3.3"]
[White "Tan, Zhongyi"]
[Black "Muzychuk, Anna"]
[Result "1-0"]
[WhiteElo "2513"]
[BlackElo "2539"]
[Annotator "ChessBase"]
[PlyCount "85"]
[EventDate "2019.05.11"]
[EventType "tourn"]
[EventCountry "RUS"]
[SourceTitle "playchess.com"]
[Source "ChessBase"]
[SourceQuality "1"]
[TimeControl "40/5400+30:1800+30"]

1. d4 {[%emt 0:00:00]} Nf6 {[%emt 0:00:00]} 2. c4 {[%emt 0:00:40]} g6 {[%emt 0:00:00]} 3. Nf3 {[%emt 0:01:15]} Bg7 {[%emt 0:00:12]} 4. g3 {[%emt 0:00:32]} c6 {[%emt 0:01:12]} 5. Bg2 {[%emt 0:00:53]} d5 {[%emt 0:00:18]} 6. b3 {[%emt 0:00:18]} dxc4 {[%emt 0:03:23]} 7. bxc4 {[%emt 0:00:31]} c5 {[%emt 0:00:04]} 8. O-O {[%emt 0:09:47]} O-O {[%emt 0:02:49]} 9. Bb2 {[%emt 0:00:33]} Qb6 {[%emt 0:01:06]} 10. Qb3 {[%emt 0:02:13]} Ne4 {[%emt 0:01:00]} 11. e3 {[%emt 0:18:31]} Nc6 {[%emt 0:00:46]} 12. Ne5 {[%emt 0:06:58]} Ng5 {[%emt 0:01:56]} 13. f4 {[%emt 0:05:01]} Nh3+ {[%emt 0:01:31]} 14. Kh1 {[%emt 0:00:06]} cxd4 {[%emt 0:06:24]} 15. exd4 {[%emt 0:00:50]} Rd8 {[%emt 0:01:50]} 16. Qxb6 {[%emt 0:14:38]} axb6 {[%emt 0:00:21]} 17. Bd5 {[%emt 0:06:18]} Bf5 {[%emt 0:25:20]} 18. Nd2 {[%emt 0:08:59]} Nxe5 {[%emt 0:13:53]} 19. fxe5 {[%emt 0:00:31]} Bh6 {[%emt 0:01:22]} 20. Nb3 {[%emt 0:09:53]} Bd3 {[%emt 0:11:21]} 21. Rfe1 {[%emt 0:00:15]} Rac8 {[%emt 0:11:02]} 22. Bc1 {[%emt 0:05:19]} Bxc1 {[%emt 0:08:19]} 23. Raxc1 {[%emt 0:00:04]} Rc7 {[%emt 0:02:21]} 24. Bg2 {[%emt 0:04:45]} Ng5 {[%emt 0:00:57]} 25. c5 {[%emt 0:00:08]} bxc5 {[%emt 0:02:27]} 26. Rxc5 {[%emt 0:02:45]} Rcd7 {[%emt 0:01:01]} 27. d5 {[%emt 0:00:22]} b6 {[%emt 0:00:49]} 28. Rc6 {[%emt 0:00:19]} Rxd5 {[%emt 0:00:40]} 29. h4 {[%emt 0:00:09]} Ne6 {[%emt 0:00:11]} 30. Bxd5 {[%emt 0:00:09]} Rxd5 {[%emt 0:00:04]} 31. Rxb6 {[%emt 0:00:05]} Bc4 {[%emt 0:00:50]} 32. Rb4 {[%emt 0:00:29]} Bb5 {[%emt 0:00:30]} 33. Kg1 {[%emt 0:01:01]} g5 {[%emt 0:00:36]} 34. a4 {[%emt 0:00:17]} Ba6 {[%emt 0:00:17]} 35. Kf2 {[%emt 0:00:48]} Kg7 {[%emt 0:00:30]} 36. a5 {[%emt 0:00:09]} h6 {[%emt 0:01:28]} 37. Re3 {[%emt 0:01:06]} Rd1 {[%emt 0:00:48]} 38. Re1 {[%emt 0:00:31]} Rd3 {[%emt 0:00:37]} 39. Re3 {[%emt 0:00:05]} Rd1 {[%emt 0:00:06]} 40. Rb6 {[%emt 0:00:00]} Bc4 {[%emt 0:00:00]} 41. Rc3 {[%emt 0:10:32]} Bd5 {[%emt 0:01:48]} 42. a6 {[%emt 0:00:19]} Rb1 {[%emt 0:15:12]} 43. Rb5 {[%emt 0:01:11]} 1-0

[Event "FWCT 2019"]
[Site "Kazan"]
[Date "2019.06.02"]
[Round "3.4"]
[White "Dzagnidze, Nana"]
[Black "Muzychuk, Mariya"]
[Result "1-0"]
[WhiteElo "2510"]
[BlackElo "2563"]
[Annotator "RC"]
[PlyCount "119"]
[EventDate "2019.05.11"]
[EventType "tourn"]
[EventCountry "RUS"]
[SourceTitle "playchess.com"]
[Source "ChessBase"]
[SourceQuality "1"]
[TimeControl "40/5400+30:1800+30"]

1. Nf3 {[%emt 0:00:00]} d5 {[%emt 0:00:07]} 2. e3 {[%emt 0:00:05]} Nf6 {[%emt 0:00:17]} 3. c4 {[%emt 0:00:06]} c6 {[%emt 0:00:19]} 4. Nc3 {[%emt 0:00:11]} e6 {[%emt 0:01:27]} 5. d4 {[%emt 0:01:30]} Nbd7 {[%emt 0:00:26]} 6. Bd3 {[%emt 0:00:23]} dxc4 {[%emt 0:00:23]} 7. Bxc4 {[%emt 0:00:03]} b5 {[%emt 0:00:16]} 8. Bd3 {[%emt 0:00:04]} Bd6 {[%emt 0:00:16]} 9. O-O {[%emt 0:00:29]} O-O {[%emt 0:00:23]} 10. Bd2 {[%emt 0:00:39]} Bb7 {[%emt 0:11:31]} 11. Rc1 {[%emt 0:00:34]} Rc8 {[%emt 0:01:13]} 12. Ne2 {[%emt 0:02:59]} c5 {[%emt 0:24:13]} 13. Bxb5 {[%emt 0:11:50]} Bxf3 {[%emt 0:00:55]} 14. gxf3 {[%emt 0:00:06]} cxd4 {[%emt 0:00:37]} 15. Nxd4 {[%emt 0:09:10]} Nd5 {[%emt 0:09:00]} 16. f4 {[%emt 0:08:09]} Rxc1 {[%emt 0:02:48]} 17. Bxc1 {[%emt 0:02:02]} N7f6 {[%emt 0:04:34]} 18. Be2 {[%emt 0:15:03]} Qb6 {[%emt 0:23:20]} 19. Bf3 {[%emt 0:03:47]} Rc8 {[%emt 0:01:45]} 20. Qb3 {[%emt 0:08:07]} Bc5 {[%emt 0:08:21]} 21. Qxb6 {[%emt 0:02:00]} Bxb6 {[%emt 0:00:03]} 22. Nb3 {[%emt 0:09:27]} a5 {[%emt 0:00:51]} 23. Bd2 {[%emt 0:02:17]} a4 {[%emt 0:01:53]} 24. Rc1 {[%emt 0:00:33]} Rd8 {[%emt 0:01:11]} 25. Nc5 {[%emt 0:00:28]} Bxc5 {[%emt 0:03:52]} 26. Rxc5 {[%emt 0:00:11]} h6 {[%emt 0:00:17]} 27. Rc2 {[%emt 0:05:33]} g5 {[%emt 0:00:49]} 28. fxg5 {[%emt 0:01:23]} hxg5 {[%emt 0:00:02]} 29. h3 {[%emt 0:01:35]} e5 {[%emt 0:01:37]} 30. Kf1 {[%emt 0:00:56]} Kg7 {[%emt 0:01:03]} 31. Ke1 {[%emt 0:00:42]} Rb8 {[%emt 0:00:34]} 32. Kd1 {[%emt 0:01:01]} e4 {[%emt 0:00:47]} 33. Bg2 {[%emt 0:00:16]} g4 {[%emt 0:00:26]} 34. hxg4 {[%emt 0:03:47]} Nxg4 {[%emt 0:00:03]} 35. Rc5 {[%emt 0:00:29]} Rd8 {[%emt 0:01:07]} 36. Ke2 {[%emt 0:00:21]} f5 {[%emt 0:00:21]} 37. f3 {[%emt 0:00:53]} Ngf6 {[%emt 0:00:32]} 38. fxe4 {[%emt 0:00:56]} fxe4 {[%emt 0:00:09]} 39. a3 {[%emt 0:03:38]} Kf7 {[%emt 0:01:08]} 40. Rc4 {[%emt 0:00:00]} Rb8 {[%emt 0:00:00]} 41. Bc1 {[%emt 0:05:36]} Nb6 {[%emt 0:02:41]} 42. Rb4 {[%emt 0:03:08]} Rc8 {[%emt 0:01:25]} 43. Bd2 {[%emt 0:01:35]} Nc4 {[%emt 0:11:26]} 44. Rb7+ {[%emt 0:05:00]} Ke8 {[%emt 0:02:54]} 45. Bh3 {[%emt 0:03:26]} Rd8 {[%emt 0:01:46]} 46. Bb4 {[%emt 0:03:11]} Rd3 {[%emt 0:05:58]} 47. Be6 {[%emt 0:00:29]} Ne5 {[%emt 0:03:56]} 48. Rb8+ {[%emt 0:09:03]} Rd8 {[%emt 0:00:05]} 49. Rxd8+ {[%emt 0:00:07]} Kxd8 {[%emt 0:00:02]} 50. Bc3 {[%emt 0:00:12]} Neg4 {[%emt 0:03:50]} 51. Bc4 {[%emt 0:03:10]} Nh5 {[%emt 0:00:08]} 52. Be1 {[%emt 0:00:24]} Ng7 {[%emt 0:00:38]} 53. Bd5 {[%emt 0:01:34]} Nf5 {[%emt 0:01:14]} 54. Bxe4 {[%emt 0:00:14]} Nd6 {[%emt 0:00:39]} 55. Bd3 {[%emt 0:00:50]} Ne5 {[%emt 0:00:31]} 56. Bg3 {[%emt 0:00:31]} Ndc4 {[%emt 0:00:09]} 57. Bxe5 {[%emt 0:00:34]} Nxe5 {[%emt 0:00:02]} 58. Bb5 {[%emt 0:00:17]} Kc7 {[%emt 0:00:08]} 59. Bxa4 {[%emt 0:00:06]} Nc4 {[%emt 0:00:02]} 60. Bb3 {[%emt 0:00:24]} 1-0

[Event "FWCT 2019"]
[Site "Kazan"]
[Date "2019.06.04"]
[Round "4.1"]
[White "Dzagnidze, Nana"]
[Black "Gunina, Valentina"]
[Result "1-0"]
[WhiteElo "2510"]
[BlackElo "2506"]
[Annotator "TA"]
[PlyCount "53"]
[EventDate "2019.05.11"]
[EventType "tourn"]
[EventCountry "RUS"]
[SourceTitle "playchess.com"]
[Source "ChessBase"]
[SourceQuality "1"]

{[%evp 12,59,6,8,29,20,21,26,46,35,39,45,60,61,73,65,69,53,83,79,77,88,98,59,79,82,93,83,97,102,270,261,470,456,412,405,631,634,991,960,970,687,1001,1002,1002,983,1038,668,29982,1410]} 1. e4 e6 2. d4 d5 3. exd5 exd5 4. Nf3 Bd6 5. c4 Nf6 6. Nc3 O-O 7. cxd5 Bb4 {C01: French: Exchange Variation} (7... Nbd7 8. Bg5 h6 9. Bh4 Nb6 10. Ne5 Be7 11. Bd3 Nfxd5 12. Bxe7 Nxe7 13. O-O Bf5 14. Bxf5 Nxf5 15. Qf3 Nd6 {½-½ (43) Nisipeanu,L (2682)-Ragger,M (2666) Graz 2018}) 8. Bg5 Nbd7 9. Be2 h6 $146 {White has an edge.} ({Predecessor:} 9... Nb6 10. O-O Be7 11. Bxf6 Bxf6 12. Qb3 Bg4 13. Rad1 Re8 14. h3 Bh5 15. Rd2 Qd6 16. g3 a6 {½-½ (16) Casper,T (2354)-Vollak,A (2027) Dresden 2018}) 10. Bh4 Nb6 11. O-O Bxc3 12. bxc3 Nbxd5 13. Rc1 c6 14. Ne5 g5 15. Bg3 Ne4 16. Bc4 Kg7 17. Re1 Nxg3 18. hxg3 Be6 19. Bb3 $36 {[%mdl 2048] White has strong initiative.} Qf6 20. c4 {[%cal Bc3c4,Bc4d5][%mdl 32]} Ne7 $2 (20... Nb6 $16 {was worth a try.}) 21. Rc3 $1 $18 {[%cal Bc1c3,Bc3f3,Bf3e3,Be3e6][%mdl 32] Black must now prevent Rf3.} h5 $2 {[#]} (21... g4 {might work better.} 22. Nxg4 Bxg4 23. Qxg4+ Ng6) 22. Rf3 $1 {[%cal Rf3f6]} Qh6 23. d5 cxd5 (23... Bg4 $142 24. Qd4 Kg8) 24. cxd5 Rad8 {[%cal Re6d5]} 25. Qa1 {Threatening mate with Nxf7+.} f6 26. Nd3 g4 27. Rxe6 {Played: Rf3-e3} 1-0

[Event "FWCT 2019"]
[Site "Kazan"]
[Date "2019.06.04"]
[Round "4.2"]
[White "Kosteniuk, Alexandra"]
[Black "Tan, Zhongyi"]
[Result "1/2-1/2"]
[WhiteElo "2546"]
[BlackElo "2513"]
[Annotator "TA"]
[PlyCount "78"]
[EventDate "2019.05.11"]
[EventType "tourn"]
[EventCountry "RUS"]
[SourceTitle "playchess.com"]
[Source "ChessBase"]
[SourceQuality "1"]

{[%evp 12,78,0,0,0,0,0,0,0,0,0,0,0,0,12,0,0,-29,-17,-12,-31,-38,-11,-3,-4,-13,0,0,0,-4,-7,-4,-4,-29,0,-31,-29,-36,-25,-25,-27,-35,-39,-39,-38,-37,-27,-35,-29,-17,-20,-28,0,-12,0,-9,0,0,0,0,0,0,0,0,0,0,0,0,0]} 1. e4 e5 2. Nf3 Nf6 3. d4 Nxe4 4. Bd3 d5 5. Nxe5 Nd7 6. O-O Nxe5 7. dxe5 Nc5 {C43: Petroff Defence: 3 d4} 8. Be3 Nxd3 9. Qxd3 c6 10. Nd2 {[%cal Bb1d2,Bd2f3,Bf3d4][%mdl 32]} Be7 11. f4 g6 $1 12. Nf3 O-O 13. Rad1 $146 ({Predecessor:} 13. c3 Bf5 14. Qd2 f6 15. Rae1 {½-½ (61) Grandelius,N (2687)-Low,Z (2418) Reykjavik 2019}) 13... Qc7 14. c4 Bf5 15. Qc3 dxc4 16. Qxc4 Rad8 17. Nd4 Bg4 18. Rc1 Qd7 19. f5 {[#] Hoping for f6.} Bg5 20. Bxg5 Qxd4+ 21. Qxd4 Rxd4 22. Be7 Rc8 (22... Re8 $5 {[%cal Re8e7]} 23. f6 Be2 $11) 23. f6 a5 24. a3 a4 25. h3 Be6 26. Rfd1 Re4 27. Re1 Rf4 28. Rcd1 Bd5 29. Rd2 h5 30. Rf2 Rxf2 31. Kxf2 $11 {[%mdl 4096] Endgame KRB-KRB} g5 32. h4 {The position is equal.} Kh7 33. hxg5 Rg8 34. e6 {[#] aiming for Bd6.} Rxg5 35. exf7 Bxf7 36. Re3 Kg6 37. Rg3 Rxg3 38. Kxg3 Kf5 39. Kh4 Be8 {Accuracy: White = 60%, Black = 68%.} 1/2-1/2

[Event "FWCT 2019"]
[Site "Kazan"]
[Date "2019.06.04"]
[Round "4.3"]
[White "Muzychuk, Anna"]
[Black "Goryachkina, Aleksandra"]
[Result "1/2-1/2"]
[WhiteElo "2539"]
[BlackElo "2522"]
[Annotator "RC"]
[PlyCount "73"]
[EventDate "2019.05.11"]
[EventType "tourn"]
[EventCountry "RUS"]
[SourceTitle "playchess.com"]
[Source "ChessBase"]
[SourceQuality "1"]
[TimeControl "40/5400+30:1800+30"]

1. e4 {[%emt 0:00:00]} e5 {[%emt 0:00:00]} 2. Nf3 {[%emt 0:00:00]} Nc6 {[%emt 0:00:00]} 3. Bc4 {[%emt 0:00:15]} Bc5 {[%emt 0:00:51]} 4. c3 {[%emt 0:00:55]} Nf6 {[%emt 0:01:02]} 5. d3 {[%emt 0:00:15]} d6 {[%emt 0:00:59]} 6. O-O {[%emt 0:00:37]} Bb6 {[%emt 0:02:22]} 7. a4 {[%emt 0:04:52]} a5 {[%emt 0:01:11]} 8. Nbd2 {[%emt 0:02:03]} Ne7 {[%emt 0:01:53]} 9. Bb3 {[%emt 0:03:10]} c6 {[%emt 0:05:02]} 10. d4 {[%emt 0:05:46]} Ng6 {[%emt 0:10:55]} 11. dxe5 {[%emt 0:09:30]} dxe5 {[%emt 0:03:13]} 12. Nc4 {[%emt 0:05:51]} Qxd1 {[%emt 0:03:01]} 13. Rxd1 {[%emt 0:00:29]} Bc7 {[%emt 0:00:25]} 14. Be3 {[%emt 0:14:12]} Bg4 {[%emt 0:10:27]} 15. h3 {[%emt 0:07:54]} Bxf3 {[%emt 0:04:38]} 16. gxf3 {[%emt 0:00:01]} O-O {[%emt 0:00:54]} 17. Nd6 {[%emt 0:13:05]} Nh4 {[%emt 0:06:46]} 18. Nxb7 {[%emt 0:07:53]} Nxf3+ {[%emt 0:01:27]} 19. Kg2 {[%emt 0:00:14]} Nh4+ {[%emt 0:01:48]} 20. Kg3 {[%emt 0:00:23]} Rfb8 {[%emt 0:01:45]} 21. Nc5 {[%emt 0:02:38]} Nxe4+ {[%emt 0:04:21]} 22. Kxh4 {[%emt 0:02:35]} Nxc5 {[%emt 0:01:12]} 23. Bxf7+ {[%emt 0:00:04]} Kxf7 {[%emt 0:00:07]} 24. Bxc5 {[%emt 0:00:02]} Bd8+ {[%emt 0:02:00]} 25. Kg4 {[%emt 0:02:26]} Rxb2 {[%emt 0:01:45]} 26. Rd7+ {[%emt 0:00:29]} Kg8 {[%emt 0:03:07]} 27. Re1 {[%emt 0:04:37]} Bf6 {[%emt 0:03:24]} 28. Re4 {[%emt 0:00:45]} Rc2 {[%emt 0:04:44]} 29. Rc4 {[%emt 0:00:27]} e4 {[%emt 0:08:54]} 30. Rc7 {[%emt 0:02:03]} Rxc3 {[%emt 0:02:52]} 31. Rxc3 {[%emt 0:00:05]} Bxc3 {[%emt 0:00:05]} 32. Rxc6 {[%emt 0:00:07]} Re8 {[%emt 0:00:46]} 33. Be3 {[%emt 0:02:34]} Bb4 {[%emt 0:01:42]} 34. Rc7 {[%emt 0:00:59]} Rb8 {[%emt 0:06:55]} 35. Rc4 {[%emt 0:01:15]} Re8 {[%emt 0:00:09]} 36. Rc7 {[%emt 0:00:11]} Rb8 {[%emt 0:00:07]} 37. Rc4 {[%emt 0:00:09]} 1/2-1/2